Enfoques y herramientas para el control de la gestión financiera (Registro nro. 17944)
[ vista simple ]
| 000 -LEADER | |
|---|---|
| fixed length control field | 00424 a2200133 4500 |
| 001 - CONTROL NUMBER | |
| control field | ART_10914 |
| 005 - DATE AND TIME OF LATEST TRANSACTION | |
| control field | 20260410161732.0 |
| 008 - FIXED-LENGTH DATA ELEMENTS--GENERAL INFORMATION | |
| fixed length control field | 260409a |
| 100 1# - MAIN ENTRY--PERSONAL NAME | |
| Personal name | Chapto, Alejandro Miguel |
| 245 10 - TITLE STATEMENT | |
| Title | Enfoques y herramientas para el control de la gestión financiera |
| 700 1# - ADDED ENTRY--PERSONAL NAME | |
| Personal name | Ferreira, Eitel |
| 700 1# - ADDED ENTRY--PERSONAL NAME | |
| Personal name | Fonseca, Walter |
| 773 0# - HOST ITEM ENTRY | |
| Title | Ejecutivos de finanzas |
| Related parts | - Año 5, Nº 35 (mar. 1987) |
| Record control number | REV2863 |
No hay ítems disponibles.